Základy práva EU : distanční studijní opora /

Main Author: Sehnálek, David, 1979-
Language: Czech
Published: Brno : Masarykova univerzita, Ekonomicko-správní fakulta, 2007
Edition: Vyd. 1.
Subjects:
Online Access: Digitalizovaný dokument
Physical Description: 135 s. : il. ; 29 cm
Book
Saved in:
LEADER 01966nam a2200505 a 4500
001 nkc20071725297
003 CZ PrNK
005 20071128140512.0
007 ta
008 070621s2007 xr a e p 001 0 cze
015 |a cnb001725297 
020 |a 978-80-210-4311-4  |q (brož.) 
035 |a (OCoLC)190752333 
040 |a ABA001  |b cze 
043 |a e------ 
072 7 |a 341  |x Mezinárodní právo  |2 Konspekt  |9 16 
072 7 |a 37.016  |x Učební osnovy. Vyučovací předměty. Učebnice  |2 Konspekt  |9 22 
080 |a 341.171  |2 MRF 
080 |a 340.137  |2 MRF 
080 |a (4)  |2 MRF 
080 |a (075.8)  |2 MRF 
100 1 |a Sehnálek, David,  |d 1979-  |7 mzk2007411425  |4 aut 
245 1 0 |a Základy práva EU :  |b distanční studijní opora /  |c David Sehnálek 
250 |a Vyd. 1. 
260 |a Brno :  |b Masarykova univerzita, Ekonomicko-správní fakulta,  |c 2007 
300 |a 135 s. :  |b il. ;  |c 29 cm 
500 |a Na obálce označení modulu: KPEPEI 
500 |a Terminologický slovník 
500 |a 25 výt. 
504 |a Obsahuje bibliografie a rejstřík 
610 2 7 |a Evropská společenství  |7 kn20010711088  |2 czenas 
610 2 7 |a Evropská unie  |7 kn20010711086  |2 czenas 
650 0 7 |a evropské právo  |7 ph121776  |2 czenas 
650 0 7 |a harmonizace práva  |7 ph228418  |z země Evropské unie  |2 czenas 
650 0 9 |a European law  |2 eczenas 
650 0 9 |a harmonization of laws  |z European Union countries  |2 eczenas 
655 7 |a učebnice vysokých škol  |7 fd133772  |2 czenas 
655 9 |a textbooks (higher)  |2 eczenas 
856 4 1 |u http://www.digitalniknihovna.cz/mzk/uuid/uuid:0b015ce0-697c-11e8-a583-005056827e51  |y Digitalizovaný dokument  |x NDK 
910 2 |a BOA001  |b 3-1190.194 
990 |a BK 
995 |a 01 
991 |b 200710  |c NOV 
996 6 |b 2610322276  |c 3-1190.194  |l MZK  |r Sklad / do 1 hodiny  |n 1  |p p.v.  |w 000868011  |u 000010  |a 1  |e BOA001  |j MZK50  |s P 
996 7 |b 2610322277  |c 3-1190.194  |l MZK  |r Sklad / do 1 hodiny  |n 57  |p p.v.  |w 000868011  |u 000020  |a 1  |e BOA001  |j MZK50  |s A